|
|
|
|
| LEADER |
00000csb a2200000 a 4500 |
| 003 |
Ucuenca |
| 005 |
20230308202306.0 |
| 008 |
004051| ||||||||r|||||||||||spa|| |
| 022 |
|
|
|a 1390-0315
|
| 040 |
|
|
|b spa
|
| 041 |
0 |
|
|a spa
|
| 082 |
0 |
|
|a 620.05
|b E81r
|
| 100 |
1 |
|
|a Crisafulli, Francisco J.
|9 221871
|
| 245 |
|
|
|a Diseño sismorresistentes de edificios con paneles prefabricados de hormigón
|c Francisco J. Crisafulli, José I. Restrepo y Robert Park
|h imp
|
| 264 |
|
|
|a Quito
|b ESPE
|c 1999-2000
|
| 300 |
|
|
|a páginas: 87-104
|b ilu
|c 28 cm
|
| 362 |
|
|
|a vol. 4, no. 2, vol. 5, no. 1 (1999 - 2000)
|
| 650 |
|
|
|a Diseño sismorresistente
|9 47295
|
| 650 |
|
|
|a Paneles prefabricados
|9 133483
|
| 650 |
|
0 |
|a Hormigón armado
|9 33527
|
| 650 |
|
0 |
|a Revista de Ciencias Aplicadas
|9 221743
|
| 700 |
|
|
|a Restrepo J. I.
|9 221873
|
| 700 |
1 |
|
|9 221872
|a Park, Robert
|
| 852 |
|
|
|a UC-CDJBV
|f Donación
|l 1
|m General
|p 20040517
|r 2
|b 0
|d CDRC
|e CDRC
|g 620.05 E81r TERCER PISO (SECCION REVISTAS)
|z 2004-40-51
|
| 942 |
|
|
|c SERA
|2 ddc
|z nube.salto@ucuenca.edu.ec
|
| 773 |
0 |
|
|0 152591
|9 141370
|a Escuela Superior Politécnica del Ejército
|d Quito ESPE 1996
|o 103598
|t Revista internacional de Ingeniería de estructuras
|x 1390-0315
|
| 999 |
|
|
|c 101375
|d 101375
|